Statistics for Major European Bodies of Water

Click here to take the quiz!

General Stats

  • This quiz has been taken 52 times
  • The average score is 15 of 29

Answer Stats

Answer% Correct
Baltic Sea
96%
North Sea
93%
Adriatic Sea
89%
English Channel
89%
Mediterranean Sea
89%
Black Sea
82%
Bay of Biscay
80%
Aegean Sea
76%
Strait of Gibraltar
73%
Gulf of Bothnia
69%
Gulf of Finland
64%
Norwegian Sea
60%
Tyrrhenian Sea
60%
Bosphorus / Bosporus Strait
58%
Sea of Azov
53%
Sea of Marmara
53%
White Sea
53%
Celtic Sea
47%
Kattegat Bay
47%
Balearic Sea
42%
Gulf of Riga
38%
Barents Sea
33%
Sea of Crete
18%
Bristol Channel
13%
Gulf of Venice
13%
St George's Channel
13%
Strait of Dover
13%
Sea of the Hebrides
4%
Skagerrak Gulf
0%

Score Distribution

Percentile by Number Answered

Percent of People with Each Score

Your Score History

You have not taken this quiz